[Event "FIDE Online Olympiad"]
[Site "Chess.com"]
[Date "2020.08.08"]
[EventDate "2020.08.07"]
[Round "5"]
[Result "1-0"]
[White "Pornouma Promsirinimit"]
[Black "Sarah Snoeck"]
[WhiteElo "1559"]
[BlackElo "1644"]
[PlyCount "83"]

1. e4 c5 2. Nf3 e6 3. d4 cxd4 4. Nxd4 a6 5. Nc3 b5 6. Bd3 Bb7
7. O-O Qc7 8. Be3 Nf6 9. f3 Bc5 10. Qd2 O-O 11. Nce2 d5
12. exd5 Nxd5 13. Bf2 Nd7 14. Kh1 Qb6 15. Bg3 f5 16. c3 b4
17. Rab1 a5 18. Bc4 e5 19. Nxf5 Qc6 20. Ne3 Bxe3 21. Bxd5+
Qxd5 22. Qxe3 Qxa2 23. b3 Ba6 24. c4 Qc2 25. Rfd1 Rad8
26. Rbc1 Qf5 27. Rd5 a4 28. bxa4 Rc8 29. c5 Bxe2 30. Qxe2 Qe6
31. Rd6 Qb3 32. Rxd7 Qxa4 33. Qd2 b3 34. Qd5+ Kh8 35. c6 b2
36. Rb1 Qc2 37. Qd1 Qxc6 38. Bxe5 Qc1 39. Bxb2 Qxd1+ 40. Rbxd1
Rg8 41. h3 h6 42. Rf7 1-0

[Event "FIDE Online Olympiad"]
[Site "Chess.com"]
[Date "2020.08.08"]
[EventDate "2020.08.07"]
[Round "5"]
[Result "1-0"]
[White "Maroun Tomb"]
[Black "Matthew Fleri"]
[WhiteElo "2177"]
[BlackElo "1557"]
[PlyCount "59"]

1. e4 c5 2. Ne2 d5 3. exd5 Nf6 4. Nbc3 Nxd5 5. Nxd5 Qxd5 6. d4
cxd4 7. Qxd4 Qxd4 8. Nxd4 e6 9. Nb5 Bb4+ 10. c3 Ba5 11. Be3
Bb6 12. Bxb6 axb6 13. Nc7+ Ke7 14. Nxa8 Nc6 15. Nxb6 Bd7
16. Nxd7 Kxd7 17. Bb5 Kc7 18. Bxc6 bxc6 19. O-O-O Ra8 20. a3
Ra5 21. Rd2 Rg5 22. g3 Rf5 23. Rhd1 Kb6 24. Kc2 Kb5 25. b4 c5
26. Kb3 cxb4 27. axb4 Rf3 28. Rd6 g6 29. Ra1 Rxf2 30. c4# 1-0

[Event "FIDE Online Olympiad"]
[Site "Chess.com"]
[Date "2020.08.08"]
[EventDate "2020.08.07"]
[Round "5"]
[Result "1-0"]
[White "Oana Caruana Pulpan"]
[Black "Elena Nekrasova"]
[WhiteElo "1873"]
[BlackElo "1920"]
[PlyCount "97"]

1. d4 d5 2. Nf3 Nf6 3. g3 e6 4. Bg2 c5 5. O-O Nc6 6. c4 dxc4
7. dxc5 Qxd1 8. Rxd1 Bxc5 9. Nbd2 O-O 10. Nxc4 Bd7 11. Be3
Bxe3 12. Nxe3 Rfd8 13. Rac1 Rac8 14. Nc4 Ne8 15. Nfe5 Nxe5
16. Nxe5 Rxc1 17. Rxc1 Bc8 18. Kf1 f6 19. Nd3 Kf7 20. Ke1 Ke7
21. f4 Nd6 22. e4 Nb5 23. Kd2 Bd7 24. Ke3 Rc8 25. Rxc8 Bxc8
26. e5 f5 27. a4 Nc7 28. b4 b6 29. Kd4 Bd7 30. Nb2 h6 31. h4
Kd8 32. Kc4 Ke7 33. Bb7 Kd8 34. Kb3 Ke7 35. Bf3 Ne8 36. b5 Nc7
37. Kb4 a6 38. Nc4 axb5 39. Nxb6 bxa4 40. Nxd7 Kxd7 41. Kxa4
Ne8 42. Kb5 g6 43. Bc6+ Ke7 44. Bxe8 Kxe8 45. Kc6 Ke7 46. Kc7
h5 47. Kc6 Ke8 48. Kd6 Kf7 49. Kd7 1-0

[Event "FIDE Online Olympiad"]
[Site "Chess.com"]
[Date "2020.08.08"]
[EventDate "2020.08.07"]
[Round "5"]
[Result "1-0"]
[White "Maya Jalloul"]
[Black "Filipina Thornton"]
[WhiteElo "1876"]
[BlackElo "1737"]
[PlyCount "65"]

1. c4 e5 2. Nc3 Nf6 3. g3 c6 4. e4 Bc5 5. Bg2 d6 6. Nge2 Be6
7. d3 Nbd7 8. O-O h5 9. Na4 h4 10. Nxc5 Nxc5 11. Bg5 hxg3
12. fxg3 Qd7 13. Bxf6 gxf6 14. b4 Na6 15. a3 Bh3 16. Rf2 O-O-O
17. Qf1 Bxg2 18. Qxg2 Rh3 19. Qf3 Rdh8 20. Qxf6 Nc7 21. Raf1
Ne6 22. Rg2 R8h7 23. Qf5 Qe8 24. Qg4 Qh8 25. Rff2 Rg7 26. Qf5
Kb8 27. Qf6 Rh6 28. Qe7 Ng5 29. Rf6 Nh3+ 30. Kf1 Rxf6+
31. Qxf6 Rg6 32. Qxh8+ Kc7 33. Qxh3 1-0

[Event "FIDE Online Olympiad"]
[Site "Chess.com"]
[Date "2020.08.08"]
[EventDate "2020.08.07"]
[Round "5"]
[Result "1-0"]
[White "Nour Assoum"]
[Black "Milena Stagno"]
[WhiteElo "1400"]
[BlackElo "1309"]
[PlyCount "97"]

1. e4 c5 2. Nf3 Nc6 3. Bb5 g6 4. d4 cxd4 5. Nxd4 Bg7 6. Nxc6
bxc6 7. Bd3 Nf6 8. O-O O-O 9. Be3 d5 10. c3 dxe4 11. Be2 Bf5
12. Nd2 Nd5 13. Nc4 Qc7 14. f3 Nxe3 15. Nxe3 Qb6 16. Qd2 exf3
17. Bxf3 Rfd8 18. Qf2 Bd7 19. Kh1 Rab8 20. Nc4 Qb5 21. Be2 Be6
22. a4 Qb7 23. Rab1 c5 24. Bf3 Qb3 25. Na5 Qxa4 26. Nc6 Bf5
27. Ra1 Qb5 28. Nxd8 Rxd8 29. Rxa7 Rb8 30. Rxe7 Qxb2 31. Qxb2
Rxb2 32. Bd5 Bd3 33. Rd1 Bxc3 34. h3 Be2 35. Rc1 Bd2 36. Rg1
Be3 37. Rxe3 c4 38. Re1 Bd3 39. Rc1 Rb4 40. Re8+ Kg7 41. Rc8
Rb2 42. Bxc4 Be4 43. Bf1 Rf2 44. Kg1 Rb2 45. R8c7 Kg8 46. Re1
Bd5 47. Be2 f5 48. Bf3 Bf7 49. Bd5 1-0

[Event "FIDE Online Olympiad"]
[Site "Chess.com"]
[Date "2020.08.08"]
[EventDate "2020.08.07"]
[Round "5"]
[Result "1-0"]
[White "Chitumbo Mwali"]
[Black "Ahmed Abdulsattar A Abdulwahhab"]
[WhiteElo "2293"]
[BlackElo "2211"]
[PlyCount "79"]

1. c4 Nf6 2. g3 g6 3. Bg2 Bg7 4. Nc3 O-O 5. Nf3 d6 6. O-O Nc6
7. Rb1 a5 8. a3 Bf5 9. d3 Qd7 10. Re1 Bh3 11. Bh1 h6 12. b4
axb4 13. axb4 e5 14. b5 Nd8 15. Bd2 Ne6 16. Nd5 Kh7 17. Bc3
Nh5 18. e4 Bg4 19. Nxe5 Bxe5 20. Qxg4 Bxc3 21. Nxc3 Nf6
22. Qd1 Nd4 23. Ne2 Nxe2+ 24. Qxe2 Ra3 25. Qb2 Rxd3 26. Qxf6
Re8 27. Rbd1 Re6 28. Qf4 Rc3 29. e5 Qe7 30. Bd5 Rxe5 31. Rxe5
dxe5 32. Qxf7+ Qxf7 33. Bxf7 c6 34. Rd7 cxb5 35. cxb5 b6
36. Be8+ Kg8 37. Bxg6 Rc5 38. Bh7+ Kf8 39. Bd3 Ke8 40. Rd6 1-0

[Event "FIDE Online Olympiad"]
[Site "Chess.com"]
[Date "2020.08.08"]
[EventDate "2020.08.07"]
[Round "5"]
[Result "1-0"]
[White "Sali Abbas Abdulzahra A-ALI"]
[Black "Daisy Simenda"]
[WhiteElo "1749"]
[BlackElo "1502"]
[PlyCount "63"]

1. e4 e6 2. d4 d6 3. Nf3 h6 4. Bd3 Be7 5. O-O Nf6 6. c3 O-O
7. h3 Nbd7 8. Be3 e5 9. Nbd2 Nh7 10. Rc1 f6 11. Bc4+ Kh8
12. Nh4 Qe8 13. f4 exf4 14. Bxf4 Nb6 15. Be2 f5 16. Bh5 Qd7
17. Ng6+ Kg8 18. Qb3+ d5 19. Nxf8 Bxf8 20. Nf3 fxe4 21. Ne5
Qe7 22. Bf7+ Qxf7 23. Nxf7 Kxf7 24. Bxc7+ Nf6 25. Bxb6 axb6
26. Qxd5+ Kg6 27. Qb3 Ra6 28. a3 Bd6 29. Rce1 Bd7 30. Rxf6+
gxf6 31. Qg8+ Kf5 32. Qg4# 1-0

[Event "FIDE Online Olympiad"]
[Site "Chess.com"]
[Date "2020.08.08"]
[EventDate "2020.08.07"]
[Round "5"]
[Result "1-0"]
[White "Jaza Jamal Ahmed"]
[Black "Chola Musonda"]
[WhiteElo "1980"]
[BlackElo "2044"]
[PlyCount "47"]

1. e4 e5 2. Nf3 Nc6 3. Bb5 a6 4. Ba4 Nf6 5. O-O Be7 6. Re1 b5
7. Bb3 O-O 8. h3 Bb7 9. c3 d5 10. exd5 Nxd5 11. d3 Qd6
12. Nbd2 Nf4 13. Ne4 Qxd3 14. Bxf4 Qxd1 15. Raxd1 exf4 16. Rd7
Rad8 17. Rxc7 Ba8 18. Neg5 h6 19. Nxf7 Rxf7 20. Bxf7+ Kxf7
21. Rxc6 Bxc6 22. Ne5+ Kf6 23. Nxc6 Bc5 24. Nxd8 1-0

[Event "FIDE Online Olympiad"]
[Site "Chess.com"]
[Date "2020.08.08"]
[EventDate "2020.08.07"]
[Round "5"]
[Result "1-0"]
[White "Lubuuto Bwalya Mulwale"]
[Black "Yamama Asif Abdula Al-Fayyadh"]
[WhiteElo "1702"]
[BlackElo "1609"]
[PlyCount "79"]

1. d4 d5 2. c4 e6 3. Nc3 Nf6 4. Nf3 Be7 5. e3 Nbd7 6. Be2 O-O
7. O-O b6 8. cxd5 exd5 9. Ne5 Bb7 10. Bf3 Re8 11. a3 Ne4
12. Bxe4 dxe4 13. Qg4 Nf6 14. Qe2 Bf8 15. b3 c5 16. Rd1 Qe7
17. Ra2 a6 18. Nc4 Qc7 19. Rc2 b5 20. Nd2 Rad8 21. dxc5 Qxc5
22. Ndxe4 Nxe4 23. Nxe4 Rxd1+ 24. Qxd1 Qe5 25. Ng3 Be7 26. Bb2
Qd5 27. Qxd5 Bxd5 28. b4 Bd8 29. Rc5 Bb7 30. Bd4 Bb6 31. Rc1
Bd8 32. f3 h6 33. Kf2 Bd5 34. Rc5 Bc4 35. Ne4 Bd5 36. Nd6 Re6
37. Rxd5 Be7 38. Ne4 Kf8 39. Nc5 Ke8 40. Nxe6 1-0

[Event "FIDE Online Olympiad"]
[Site "Chess.com"]
[Date "2020.08.08"]
[EventDate "2020.08.07"]
[Round "5"]
[Result "1-0"]
[White "Endrit Uruci"]
[Black "Ifan Rathbone-Jones"]
[WhiteElo "2180"]
[BlackElo "1679"]
[PlyCount "87"]

1. e4 d5 2. exd5 Nf6 3. d4 c6 4. dxc6 Nxc6 5. Nf3 Bg4 6. Bb5
e5 7. Bxc6+ bxc6 8. dxe5 Qxd1+ 9. Kxd1 Ne4 10. Ke2 Bc5 11. Be3
O-O 12. h3 Bh5 13. Bxc5 Nxc5 14. Nd2 Rfe8 15. Rae1 Rxe5+
16. Kd1 Rd5 17. Kc1 Rad8 18. Re5 Bg6 19. Rhe1 f6 20. Rxd5 cxd5
21. Nd4 Rc8 22. Re2 Bd3 23. Re3 Bg6 24. Kb1 Kf7 25. f4 Ne4
26. N2f3 h6 27. f5 Bh7 28. Ra3 Rc7 29. g4 Re7 30. Nc6 Re8
31. Rxa7+ Kf8 32. a4 Nf2 33. Nfd4 Bg8 34. a5 Ne4 35. a6 Nd2+
36. Ka2 Nc4 37. b3 Nb6 38. Rb7 Na8 39. a7 Bf7 40. Rb8 h5
41. Nb5 hxg4 42. hxg4 d4 43. Nd6 Bd5 44. Rxe8# 1-0

[Event "FIDE Online Olympiad"]
[Site "Chess.com"]
[Date "2020.08.08"]
[EventDate "2020.08.07"]
[Round "6"]
[Result "1-0"]
[White "Fy Antenaina Rakotomaharo"]
[Black "Thomas Kett"]
[WhiteElo "2370"]
[BlackElo "2108"]
[PlyCount "83"]

1. e4 e5 2. Nf3 Nc6 3. Bb5 a6 4. Ba4 Nf6 5. O-O Be7 6. Re1 b5
7. Bb3 d6 8. c3 O-O 9. h3 Nb8 10. d4 Nbd7 11. Nbd2 Bb7 12. Bc2
Re8 13. Nf1 Bf8 14. Ng3 g6 15. b3 Bg7 16. Bb2 h5 17. Qd2 Qe7
18. a4 Qf8 19. Bd3 Bh6 20. Qc2 c6 21. Bf1 Nh7 22. Ba3 Qe7
23. Rad1 c5 24. dxc5 dxc5 25. axb5 h4 26. Nxh4 axb5 27. Nhf5
gxf5 28. Nxf5 Qe6 29. Rd6 Rxa3 30. Rxe6 Rxe6 31. Nxh6+ Rxh6
32. Qd2 Rg6 33. Qxd7 Bc6 34. Qc7 Ng5 35. Kh2 Ra2 36. Be2 Nxe4
37. Bh5 Rf6 38. Bf3 Rxf3 39. gxf3 Nxf2 40. Kg3 Nd3 41. Qd8+
Kh7 42. Qxd3+ 1-0

[Event "FIDE Online Olympiad"]
[Site "Chess.com"]
[Date "2020.08.08"]
[EventDate "2020.08.07"]
[Round "6"]
[Result "1-0"]
[White "Toavina Razanadrakotoarisoa"]
[Black "Hugo Fowler"]
[WhiteElo "1933"]
[BlackElo "1686"]
[PlyCount "117"]

1. e4 e5 2. Nf3 Nc6 3. Bc4 Bc5 4. d4 exd4 5. Ng5 Nh6 6. Bxf7+
Nxf7 7. Nxf7 Kxf7 8. Qh5+ g6 9. Qxc5 d5 10. O-O dxe4 11. c3
Qd6 12. Qxd6 cxd6 13. cxd4 Nxd4 14. Nc3 Re8 15. Bf4 Bg4
16. Rae1 Rad8 17. h3 Bh5 18. Bg5 Rc8 19. Be3 Nc2 20. Rc1 Nxe3
21. fxe3+ Kg7 22. g4 Rc5 23. gxh5 Rxh5 24. Kg2 Ree5 25. Rf4 d5
26. Ne2 Re7 27. Nd4 Rg5+ 28. Kh2 h5 29. Rc7 Rxc7 30. Ne6+ Kh6
31. Nxc7 Re5 32. Nb5 a6 33. Nd6 Re7 34. Rf7 Re6 35. Nxb7 Rc6
36. Rf2 h4 37. Na5 Rc5 38. Nb3 Rc6 39. Nd4 Rb6 40. b3 a5
41. a4 Kg5 42. Rc2 Rf6 43. Kg2 Kh5 44. Rc5 g5 45. Rxd5 Rf7
46. Rxa5 Rc7 47. Rxg5+ Kh6 48. Re5 Rc3 49. Rxe4 Rc1 50. Rxh4+
Kg5 51. Rg4+ Kf6 52. a5 Ra1 53. b4 Ra2+ 54. Kf3 Rb2 55. b5 Ke5
56. a6 Ra2 57. a7 Kd5 58. b6 Kd6 59. b7 1-0

[Event "FIDE Online Olympiad"]
[Site "Chess.com"]
[Date "2020.08.08"]
[EventDate "2020.08.07"]
[Round "6"]
[Result "1-0"]
[White "Venetia Sivarajasingam"]
[Black "Grace Gloria Ramarolafy"]
[WhiteElo "1713"]
[BlackElo "1174"]
[PlyCount "63"]

1. e4 c6 2. d4 d5 3. Nc3 dxe4 4. Nxe4 Nd7 5. Nf3 Ngf6 6. Ng3
e6 7. Bd3 c5 8. O-O Bd6 9. c3 O-O 10. Qc2 Nb6 11. dxc5 Bxc5
12. Ng5 g6 13. N5e4 Be7 14. Qe2 Nbd5 15. Rd1 Qc7 16. c4 Nf4
17. Qf3 e5 18. Nxf6+ Bxf6 19. Ne4 Bg7 20. Bf1 Bf5 21. Nd6 Qc5
22. Nxf5 gxf5 23. g3 Ng6 24. Qxf5 Rad8 25. Be3 Qb6 26. Bxb6
axb6 27. Bg2 Ne7 28. Qf3 Rfe8 29. Rxd8 Rxd8 30. Rd1 Rxd1+
31. Qxd1 Nf5 32. Bxb7 1-0

[Event "FIDE Online Olympiad"]
[Site "Chess.com"]
[Date "2020.08.08"]
[EventDate "2020.08.07"]
[Round "6"]
[Result "1-0"]
[White "Chola Musonda"]
[Black "Korab Saraci"]
[WhiteElo "2044"]
[BlackElo "2077"]
[PlyCount "69"]

1. e4 e5 2. Nf3 Nf6 3. d4 Nxe4 4. dxe5 d5 5. Be2 Be7 6. O-O
O-O 7. Nbd2 Nd7 8. c4 Nxd2 9. Bxd2 Nb6 10. cxd5 Nxd5 11. Qc2
Bg4 12. Rad1 c6 13. a3 Qb6 14. Ng5 Bxg5 15. Bxg5 Bxe2 16. Qxe2
Rfe8 17. Bh4 Re6 18. Kh1 Rae8 19. f4 Qb3 20. Rf3 Qa4 21. Bg3
f6 22. f5 Rxe5 23. Bxe5 Rxe5 24. Qd2 Qe4 25. Rdf1 h6 26. h3
Qe2 27. Qxe2 Rxe2 28. R1f2 Re1+ 29. Kh2 Ne3 30. g4 Kf7 31. Rf4
c5 32. Kg3 Nd5 33. R4f3 b5 34. Rd2 Ne3 35. Kf2 1-0

[Event "FIDE Online Olympiad"]
[Site "Chess.com"]
[Date "2020.08.08"]
[EventDate "2020.08.07"]
[Round "6"]
[Result "1-0"]
[White "Faisal Khairallah"]
[Black "Ali Layth Ahmed Ahmed"]
[WhiteElo "2226"]
[BlackElo "2216"]
[PlyCount "89"]

1. d4 Nf6 2. Bg5 d5 3. Bxf6 exf6 4. e3 c6 5. c4 dxc4 6. Bxc4
Bd6 7. Nf3 O-O 8. O-O Nd7 9. Bd3 Re8 10. Qc2 Nf8 11. Nbd2 Ng6
12. Rab1 a5 13. Bf5 Nf8 14. Bxc8 Qxc8 15. Rfc1 Ne6 16. a3 a4
17. Ne4 Bc7 18. Nc3 Ra5 19. Nxa4 Rh5 20. Qd1 g6 21. h3 Ng5
22. Nxg5 Rxg5 23. Kh1 Qe6 24. Rc5 f5 25. Qf3 Qd6 26. g3 h5
27. Rg1 h4 28. Qf4 Rh5 29. g4 Qe7 30. Qf3 fxg4 31. hxg4 Rxc5
32. Nxc5 Qd6 33. Rg2 Kg7 34. Nxb7 Qd7 35. Nc5 Qd6 36. Kg1 Rh8
37. Qh3 Qd5 38. g5 Qc4 39. Rg4 Qc1+ 40. Kg2 Qxb2 41. Rxh4 Rxh4
42. Qxh4 Qe2 43. Nd7 Qd1 44. Qh6+ Kg8 45. Nf6# 1-0

[Event "FIDE Online Olympiad"]
[Site "Chess.com"]
[Date "2020.08.08"]
[EventDate "2020.08.07"]
[Round "6"]
[Result "1-0"]
[White "Filipina Thornton"]
[Black "Pornouma Promsirinimit"]
[WhiteElo "1737"]
[BlackElo "1559"]
[PlyCount "75"]

1. d4 Nf6 2. c4 e5 3. e3 exd4 4. exd4 Bb4+ 5. Bd2 Bxd2+
6. Nxd2 O-O 7. Ne2 Re8 8. Qc2 d5 9. O-O-O Be6 10. Nf4 Nc6
11. Nf3 dxc4 12. Nxe6 fxe6 13. Bxc4 Nb4 14. Qf5 Nbd5 15. Qg5
Ne4 16. Qh5 Qf6 17. Rhf1 a6 18. Bxd5 exd5 19. Qxd5+ Kh8
20. Ne5 Qf4+ 21. Kc2 Nd6 22. Rd3 Rad8 23. Rf3 Qxh2 24. Ng6+
hxg6 25. Rh3+ Qxh3 26. gxh3 Nb5 27. Qf7 Nxd4+ 28. Kb1 Kh7
29. Rg1 Re6 30. Qxc7 Rde8 31. a3 Rc6 32. Qg3 Ne2 33. Qh4+ Kg8
34. Rd1 Rec8 35. Rd7 Rc1+ 36. Ka2 R1c2 37. Qe7 Nc1+ 38. Kb1
1-0

[Event "FIDE Online Olympiad"]
[Site "Chess.com"]
[Date "2020.08.08"]
[EventDate "2020.08.07"]
[Round "6"]
[Result "1-0"]
[White "Lennert Lenaerts"]
[Black "Al Khatib Ahmad"]
[WhiteElo "2350"]
[BlackElo "2170"]
[PlyCount "87"]

1. d4 g6 2. c4 Bg7 3. e4 d6 4. Nc3 Nf6 5. f3 O-O 6. Be3 Nbd7
7. Nh3 a6 8. Nf2 c5 9. d5 b5 10. cxb5 Qa5 11. Bd2 axb5
12. Bxb5 Ba6 13. a4 Bxb5 14. Nxb5 Qb6 15. O-O Ne8 16. Bc3 Nc7
17. Bxg7 Kxg7 18. Nxc7 Qxc7 19. Qc2 Rfb8 20. Rfc1 Qb6 21. Qc3+
f6 22. Nd1 Qb4 23. a5 Ne5 24. Ra2 Ra6 25. Ne3 Qb3 26. Qxb3
Rxb3 27. Rc3 Rb5 28. f4 Nd7 29. Nc4 Nb6 30. Nxb6 Rbxb6
31. axb6 Rxa2 32. Rb3 Ra8 33. Kf2 Kf7 34. Ke3 Ke8 35. b7 Rb8
36. e5 Kd7 37. exf6 exf6 38. f5 Kc7 39. fxg6 hxg6 40. h4 Rxb7
41. Rxb7+ Kxb7 42. g4 Kc7 43. h5 gxh5 44. gxh5 1-0

[Event "FIDE Online Olympiad"]
[Site "Chess.com"]
[Date "2020.08.08"]
[EventDate "2020.08.07"]
[Round "6"]
[Result "1-0"]
[White "Alshaeby Boshra"]
[Black "Annelies Cuvelier"]
[WhiteElo "1978"]
[BlackElo "1696"]
[PlyCount "63"]

1. e4 e5 2. Nf3 Nc6 3. Bb5 a6 4. Ba4 Nf6 5. Bxc6 dxc6 6. d3
Bc5 7. Nbd2 Bg4 8. Nc4 Qe7 9. Bd2 Bxf3 10. Qxf3 b5 11. Ne3
Bxe3 12. fxe3 O-O-O 13. O-O Rdf8 14. b4 Nd7 15. a4 Kb7 16. c4
Nb6 17. axb5 axb5 18. cxb5 cxb5 19. Ra5 c6 20. Rfa1 Na4 21. d4
exd4 22. exd4 Ra8 23. d5 Rxa5 24. dxc6+ Ka6 25. bxa5 Rc8
26. Rxa4 bxa4 27. Qd3+ Ka7 28. Be3+ Kb8 29. Qb5+ Ka8 30. Qa6+
Kb8 31. Bf4+ Rc7 32. Qb7# 1-0

[Event "FIDE Online Olympiad"]
[Site "Chess.com"]
[Date "2020.08.08"]
[EventDate "2020.08.07"]
[Round "6"]
[Result "1-0"]
[White "Tyani De Rycke"]
[Black "Alnasser Tala"]
[WhiteElo "1924"]
[BlackElo "1077"]
[PlyCount "73"]

1. e4 c5 2. Nc3 Nc6 3. g3 g6 4. Bg2 Bg7 5. d3 d6 6. Be3 Nh6
7. h3 f5 8. Qd2 Nf7 9. Nge2 O-O 10. O-O Bd7 11. f4 Rb8
12. Rae1 Nd4 13. Nd1 Nxe2+ 14. Qxe2 Bc6 15. exf5 Bxg2 16. Qxg2
gxf5 17. Qd5 Qe8 18. Qxf5 Nh6 19. Qe6+ Qf7 20. Qxf7+ Rxf7
21. g4 Rbf8 22. c3 a5 23. Nf2 Kh8 24. Ne4 Ng8 25. f5 h6
26. Nd2 b5 27. Nf3 Nf6 28. Nh4 Kh7 29. Ng6 Re8 30. Bf4 Nd5
31. Bxd6 c4 32. dxc4 bxc4 33. Be5 e6 34. Bxg7 Kxg7 35. Nf4
Nxf4 36. Rxf4 Rfe7 37. f6+ 1-0

[Event "FIDE Online Olympiad"]
[Site "Chess.com"]
[Date "2020.08.09"]
[EventDate "2020.08.07"]
[Round "7"]
[Result "1-0"]
[White "Martine Dubois"]
[Black "Hoi Yau Ashley Cheung"]
[WhiteElo "1926"]
[BlackElo "1119"]
[PlyCount "123"]

1. e4 d5 2. exd5 Qxd5 3. Nf3 Bg4 4. Be2 Nc6 5. O-O O-O-O 6. h3
Bh5 7. c4 Qd7 8. Nc3 Nf6 9. Qa4 Bxf3 10. Bxf3 Kb8 11. Nb5 a6
12. Bxc6 Qxc6 13. Nc3 g5 14. Qxc6 bxc6 15. Rd1 h5 16. d4 Bg7
17. Be3 g4 18. h4 Nd7 19. Ne4 f5 20. Ng5 Rhf8 21. Ne6 Bf6
22. Nxf8 Nxf8 23. g3 Ne6 24. d5 cxd5 25. cxd5 Nf8 26. Rd3 Nd7
27. Rb1 Ne5 28. Rb3+ Kc8 29. Rd1 Nf3+ 30. Kg2 Rd6 31. Bf4 Rd7
32. a4 e6 33. d6 e5 34. Be3 cxd6 35. Bb6 Bd8 36. Rc1+ Kb7
37. Bxd8+ Ka7 38. Rc7+ Rxc7 39. Bxc7 Ne1+ 40. Kf1 Nc2 41. Bxd6
Nd4 42. Rd3 f4 43. gxf4 Nf5 44. fxe5 g3 45. fxg3 Kb6 46. e6
Kc6 47. e7 Nxe7 48. Bxe7 Kb6 49. b4 Kb7 50. Ke2 Kb6 51. Rd6+
Kb7 52. Rh6 Ka7 53. Bc5+ Kb7 54. Rxh5 Kc6 55. Rh6+ Kb7
56. Rb6+ Ka7 57. Rg6+ Kb7 58. h5 Kb8 59. h6 Kb7 60. h7 Kb8
61. Rg7 a5 62. h8=Q# 1-0

[Event "FIDE Online Olympiad"]
[Site "Chess.com"]
[Date "2020.08.09"]
[EventDate "2020.08.07"]
[Round "8"]
[Result "1-0"]
[White "Puteri Rifqah Fahada Azhar"]
[Black "Hoi Yau Ashley Cheung"]
[WhiteElo "1783"]
[BlackElo "1119"]
[PlyCount "111"]

1. d4 Nf6 2. Nf3 g6 3. Bf4 Bg7 4. e3 O-O 5. Nbd2 d6 6. c3 Nc6
7. Bg3 Bg4 8. Qb3 b6 9. Be2 Na5 10. Qc2 Bf5 11. e4 Bd7 12. O-O
Bc6 13. Rad1 e5 14. dxe5 dxe5 15. Nxe5 Qe7 16. Nxc6 Nxc6
17. Bf3 Rad8 18. Rfe1 Rfe8 19. h3 h6 20. Qa4 Qc5 21. Nb3 b5
22. Nxc5 bxa4 23. Bxc7 Rc8 24. Bg3 Nd8 25. Nxa4 Rc4 26. b3 Rc8
27. Rd3 Nh7 28. h4 Ne6 29. Red1 Nc5 30. Nxc5 Rxc5 31. c4 a5
32. Rd8 Rf8 33. Rxf8+ Nxf8 34. Bd6 Rc8 35. Bg4 Rd8 36. c5 Be5
37. Bxe5 Rxd1+ 38. Bxd1 Nd7 39. Bd6 f5 40. c6 Nb6 41. exf5
gxf5 42. Bc7 Nc8 43. Bxa5 Kf7 44. Be2 Ke7 45. Ba6 Na7 46. c7
Kd7 47. b4 f4 48. f3 h5 49. b5 Nc8 50. b6 Ke8 51. Bxc8 Ke7
52. b7 Kd6 53. b8=Q Kc6 54. Qb6+ Kd5 55. Be6+ Ke5 56. Bc3# 1-0

[Event "FIDE Online Olympiad"]
[Site "Chess.com"]
[Date "2020.08.09"]
[EventDate "2020.08.07"]
[Round "7"]
[Result "1-0"]
[White "Geoffrey Borg"]
[Black "Rafat Issa"]
[WhiteElo "2367"]
[BlackElo "2392"]
[PlyCount "61"]

1. d4 Nf6 2. c4 g6 3. Nc3 Bg7 4. e4 d6 5. f4 O-O 6. Nf3 c5
7. d5 e6 8. Be2 exd5 9. cxd5 b5 10. e5 dxe5 11. fxe5 Ng4
12. Bg5 Qb6 13. O-O c4+ 14. Kh1 Nxe5 15. d6 Be6 16. Nxe5 Bxe5
17. Bf3 Nd7 18. Bxa8 Rxa8 19. Qf3 Re8 20. Rad1 a6 21. Nd5 Qc5
22. Be3 Qc8 23. Ne7+ Rxe7 24. dxe7 Qe8 25. Bg5 h6 26. Rxd7
Bxd7 27. Bf6 Bc6 28. Qe3 Bxf6 29. Rxf6 Bd5 30. Rd6 Be6 31. Rd8
1-0

[Event "FIDE Online Olympiad"]
[Site "Chess.com"]
[Date "2020.08.09"]
[EventDate "2020.08.07"]
[Round "7"]
[Result "1-0"]
[White "Ali Layth Ahmed Ahmed"]
[Black "Thanadon Kulpruethanon"]
[WhiteElo "2216"]
[BlackElo "2190"]
[PlyCount "79"]

1. d4 Nf6 2. c4 c5 3. d5 e6 4. Nc3 exd5 5. cxd5 d6 6. e4 g6
7. h3 Bg7 8. Nf3 a6 9. a4 Nbd7 10. Bd3 Nh5 11. O-O Ne5 12. Be2
Nxf3+ 13. Bxf3 Qh4 14. Bxh5 gxh5 15. Qd3 Rg8 16. Kh2 Bd7
17. f4 O-O-O 18. Bd2 Bd4 19. Be1 Qf6 20. Ne2 Qg6 21. g3 Bh8
22. f5 Qh6 23. Bd2 Qf8 24. Ra3 Be5 25. Kh1 Qe7 26. b4 c4
27. Qxc4+ Kb8 28. Qd3 Rc8 29. b5 axb5 30. axb5 Rc5 31. b6 Bb5
32. Qf3 Rc2 33. Rd1 h4 34. Qb3 Bxe2 35. Qxc2 Bxd1 36. Qxd1
Bxg3 37. Qa4 Kc8 38. Rc3+ Kd8 39. Qa8+ Kd7 40. Rc7# 1-0

[Event "FIDE Online Olympiad"]
[Site "Chess.com"]
[Date "2020.08.09"]
[EventDate "2020.08.07"]
[Round "7"]
[Result "1-0"]
[White "Tinnakrit Arunnuntapanich"]
[Black "Zozek Salah Mohammed Mohammed"]
[WhiteElo "2067"]
[BlackElo "2258"]
[PlyCount "91"]

1. d4 d5 2. c4 c6 3. Nc3 Nf6 4. Nf3 e6 5. Bg5 h6 6. Bxf6 Qxf6
7. e3 Nd7 8. Bd3 dxc4 9. Bxc4 Be7 10. O-O O-O 11. a3 e5 12. d5
Nb6 13. Bb3 Bg4 14. h3 Bf5 15. e4 Bd7 16. Qe2 a6 17. Rad1 cxd5
18. exd5 Bd6 19. Ne4 Qg6 20. Nxd6 Qxd6 21. Qxe5 Qg6 22. Qg3
Qf6 23. Ne5 Bb5 24. Rfe1 Rad8 25. d6 Ba4 26. Bxa4 Nxa4 27. Qb3
Nc5 28. Qd5 Nd7 29. Nxd7 Rxd7 30. Qe5 Qxe5 31. Rxe5 Rfd8
32. Red5 f6 33. f4 Kf7 34. f5 Rc8 35. R1d2 h5 36. Kf2 Rc4
37. Kf3 g6 38. g4 hxg4+ 39. hxg4 g5 40. R5d4 Rc1 41. Re4 Rc6
42. Re6 Rc4 43. Rh2 Kg7 44. Rhe2 Kf8 45. Rxf6+ Kg7 46. Rg6+
1-0

[Event "FIDE Online Olympiad"]
[Site "Chess.com"]
[Date "2020.08.09"]
[EventDate "2020.08.07"]
[Round "7"]
[Result "1-0"]
[White "Nderim Saraci"]
[Black "Fadi Eid"]
[WhiteElo "2480"]
[BlackElo "2337"]
[PlyCount "71"]

1. Nf3 Nc6 2. c4 e5 3. Nc3 g6 4. g3 Bg7 5. Bg2 f5 6. O-O Nf6
7. d4 e4 8. Ne5 O-O 9. Nxc6 bxc6 10. d5 cxd5 11. Bg5 c6
12. cxd5 Qb6 13. Na4 Qb5 14. dxc6 dxc6 15. Rc1 Be6 16. b3 Rfd8
17. Qc2 Rac8 18. e3 h6 19. Bxf6 Bxf6 20. Rfd1 Rxd1+ 21. Rxd1
Rd8 22. Rxd8+ Bxd8 23. Bf1 Qd5 24. Bc4 Qd6 25. Nc5 Bd5 26. Nb7
Qd7 27. Nxd8 Qxd8 28. Qd2 Qd7 29. Qd4 Qf7 30. h4 Kh7 31. Bxd5
cxd5 32. Qc5 g5 33. hxg5 hxg5 34. Qd6 Kg7 35. b4 Qb7 36. a4
1-0

[Event "FIDE Online Olympiad"]
[Site "Chess.com"]
[Date "2020.08.09"]
[EventDate "2020.08.07"]
[Round "7"]
[Result "1-0"]
[White "Arlinda Aliu"]
[Black "Elena Nekrasova"]
[WhiteElo "1742"]
[BlackElo "1920"]
[PlyCount "91"]

1. e4 c5 2. Nf3 Nc6 3. b3 d6 4. Bb2 e5 5. Bc4 g6 6. Nc3 Bg7
7. Nd5 Nge7 8. O-O O-O 9. h3 h6 10. Nxe7+ Qxe7 11. c3 Be6
12. Bd5 f5 13. Re1 Rae8 14. Bxc6 bxc6 15. exf5 gxf5 16. d4
cxd4 17. cxd4 e4 18. Nh2 d5 19. a4 Qg5 20. Bc1 f4 21. Kh1 Qh4
22. f3 c5 23. Bb2 e3 24. Ra2 Rc8 25. dxc5 d4 26. Re2 Rfd8
27. Ba3 d3 28. Re1 Bc3 29. Rg1 e2 30. Rxe2 dxe2 31. Qxe2 Bxb3
32. Ng4 Rd2 33. Qe4 Qg5 34. Bc1 Rdd8 35. Bxf4 Qd5 36. Qg6+ Bg7
37. Nf6+ Kf8 38. Nxd5 Rxd5 39. Bd6+ Kg8 40. Qe6+ Kh7 41. Qxc8
Rh5 42. Qb7 Bd5 43. Qb1+ Kh8 44. Rd1 Rxh3+ 45. gxh3 Bxf3+
46. Kh2 1-0

[Event "FIDE Online Olympiad"]
[Site "Chess.com"]
[Date "2020.08.09"]
[EventDate "2020.08.07"]
[Round "7"]
[Result "1-0"]
[White "Chitumbo Mwali"]
[Black "Thomas Kett"]
[WhiteElo "2293"]
[BlackElo "2108"]
[PlyCount "37"]

1. c4 e6 2. g3 d5 3. Bg2 c5 4. Nf3 Nc6 5. b3 Nf6 6. O-O Be7
7. e3 O-O 8. Bb2 b6 9. Nc3 Bb7 10. cxd5 exd5 11. d4 Ne4
12. dxc5 Nxc3 13. Bxc3 bxc5 14. Rc1 Qd7 15. Bb2 a5 16. h4 Rfd8
17. Ng5 h6 18. Nh3 Ne5 19. Bxe5 1-0